000
00282 a2200133 4500
001
194899
040
_c
Magnum
100
_a
La Fontaine, Jean de
240
1
0
_a
A menina do leite
_l
por
245
1
0
_a
A menina do leite
300
_a
7
697
_a
LITERATURA INFANTIL
942
_c
BK
999
_c
194899
_d
194899